Loading...
| Philosophy | 2 | 5 | 1 | 1 | 75 | 43 | 80.00 | 6 | 7 | 20.94 | 54.17 |
| Fine Arts - Other Arts | 3 | 2 | 1 | 0 | 60 | 13 | 61.00 | 5 | 5 | 23.12 | 39.58 |
| Visual Arts | 1 | 4 | 0 | 1 | 55 | 79 | 102.80 | 3 | 5 | 10.60 | 33.33 |
| Auditory Arts | 1 | 4 | 1 | 1 | 50 | 44 | 87.80 | 1 | 5 | 13.62 | 25.00 |
| Beliefs | 2 | 3 | 3 | 0 | 45 | 50 | 83.20 | 3 | 5 | 10.24 | 22.22 |
| Literature - British | 2 | 1 | 0 | 1 | 40 | 26 | 67.33 | 2 | 3 | 12.71 | 20.83 |
| Literature - World | 1 | 2 | 0 | 2 | 35 | 69 | 118.33 | 0 | 3 | 4.43 | 14.58 |
| History - World | 2 | 0 | 0 | 0 | 30 | 18 | 45.50 | 2 | 2 | 10.87 | 16.67 |
| Science - Physics | 1 | 1 | 0 | 0 | 25 | 71 | 104.50 | 1 | 2 | 3.87 | 12.50 |
| Social Science | 1 | 2 | 2 | 1 | 25 | 14 | 70.00 | 2 | 3 | 6.95 | 12.50 |
| History - European | 1 | 2 | 2 | 1 | 25 | 60 | 100.33 | 1 | 3 | 4.82 | 16.67 |
| History - American | 1 | 1 | 1 | 1 | 20 | 65 | 97.00 | 1 | 1 | 4.26 | 10.42 |
| Science - Biology | 0 | 2 | 0 | 1 | 20 | 112 | 118.50 | 1 | 2 | 1.07 | 10.42 |
| Science - Other | 0 | 2 | 1 | 1 | 15 | 73 | 76.50 | 1 | 2 | 6.87 | 14.58 |
| Literature - European | 1 | 0 | 0 | 0 | 15 | 60 | 60.00 | 0 | 1 | 4.66 | 6.25 |
| History - Ancient | 1 | 0 | 1 | 0 | 10 | 74 | 74.00 | 1 | 1 | 6.96 | 16.67 |
| Other Academic | 0 | 1 | 0 | 0 | 10 | 79 | 79.00 | 0 | 1 | 10.23 | 25.00 |
| Current Events | 0 | 1 | 0 | 0 | 10 | 70 | 70.00 | 0 | 1 | 7.93 | 15.00 |